00493nam a22002057a 450000500170000001000130001702000100003003500130004003700160005304000120006908200130008110000200009424500480011424600060016226000340016827000150020230000240021765000230024165000230026420170124110158.0 aA-553518 c00.00 aA-553518 bCen Lib/Ret aDPLbEN a080bBOS aBose, Subhas C. aThrough congress eyes /cby Subhas C. Bose  b  bKitabistan aAllahabad cn.d. bAllahabad  avi, 243p.c17cm(Hb) aPolitical science  aNational Congress